Accounting standards simplified/ (Record no. 91167)

MARC details
000 -LEADER
fixed length control field 00674nam a22002177a 4500
005 - DATE AND TIME OF LATEST TRANSACTION
control field 20150213124636.0
010 ## - LCCN (DPL NO)
LC control number ENG-112072
020 ## - INTERNATIONAL STANDARD BOOK NUMBER
International Standard Book Number 9789351433705
Terms of availability 550.00
035 ## - SYSTEM CONTROL NUMBER
System control number EN-95604
037 ## - SOURCE OF ACQUISITION
Source of stock number/acquisition DBAD/PUB
082 ## - DEWEY DECIMAL CLASSIFICATION NUMBER
Classification number 657.76
100 ## - MAIN ENTRY--PERSONAL NAME
Personal name Shaikh, Israr
245 ## - TITLE STATEMENT
Title Accounting standards simplified/
Remainder of title by Israr Shaikh [and] Rajesh Makkar
250 ## - EDITION STATEMENT
Edition statement 4th ed
260 ## - PUBLICATION, DISTRIBUTION, ETC. (IMPRINT)
Place of publication, distribution, etc Gurgaon
Name of publisher, distributor, etc LexisNexis
Date of publication, distribution, etc 2015
270 ## - ADDRESS
Address 14th Floor, Bldg. No.10, Tower-B, DLF Cyber City, Phase-II
City Gurgaon
Postal code 122002
300 ## - PHYSICAL DESCRIPTION
Extent liii,435p.:
Other physical details 28cm(pbk)
505 ## - FORMATTED CONTENTS NOTE
Formatted contents note CA/CMA Final<br/>[May / November 2015]
700 ## - ADDED ENTRY--PERSONAL NAME
Personal name Makkar,Rajesh
942 ## - ADDED ENTRY ELEMENTS (KOHA)
Source of classification or shelving scheme Dewey Decimal Classification
Item type English Books
Call number suffix SHA
Classification part 657.76
Holdings
Withdrawn status Lost status Not for loan Collection code Home library Current library Date acquired Source of acquisition Cost, normal purchase price Full call number Barcode Copy number Cost, replacement price Koha item type
    Not For Loan Non-fiction D.B.Act.Division D.B.Act.Division 03/02/2015 DBAD/PUB 550.00 657.76SHA EN-95604 1 550.00 English Books

© Delhi Public Library
Hit Counter
free hit counter